000 00595nam a22001937a 4500
003 OSt
008 260502b |||||||| |||| 00| 0 eng d
082 _a634.6
_bK98E
100 _aKumar, Rajan.
245 _aEffect of Pre and Post Harvest Applications of Certain Chemicals on Shelf Life of Litchi (Litchi Chinensis Sonn.) var. China /
_cby Rajan Kumar
260 _a.- Sabour, Bhagalpur
_b: Bihar Agricultural College, RAU
_c, 2005
300 _a105p.
502 _bPh. D.
_d2005
650 _aHorticulture
650 _aLitchi
650 _aThesis
650 _aPh. D.
942 _2ddc
_cT
999 _c50362
_d50362